| 000 | 01317nam a2200349Ia 4500 | ||
|---|---|---|---|
| 001 | ebr10288010 | ||
| 003 | CaPaEBR | ||
| 006 | m u | ||
| 007 | cr cn||||||||| | ||
| 008 | 050215s2005 enka sb 001 0 eng d | ||
| 020 | _z0761942327 | ||
| 020 | _z9781412906975 | ||
| 040 |
_aCaPaEBR _cCaPaEBR |
||
| 035 | _a(OCoLC)436084379 | ||
| 050 | 1 | 4 |
_aLB1778 _b.E738 2005eb |
| 100 | 1 |
_aEpstein, Debbie, _d1945- |
|
| 245 | 1 | 0 |
_aWriting for publication _h[electronic resource] / _cDebbie Epstein, Jane Kenway, Rebecca Boden. |
| 260 |
_aLondon : _bSage, _c2005. |
||
| 300 |
_aviii, 126 p. : _bill. |
||
| 490 | 1 | _aAcademic's support kit | |
| 504 | _aIncludes bibliographical references (p. [119]-120) and index. | ||
| 533 |
_aElectronic reproduction. _bPalo Alto, Calif. : _cebrary, _d2011. _nAvailable via World Wide Web. _nAccess may be limited to ebrary affiliated libraries. |
||
| 650 | 0 | _aScholarly publishing. | |
| 650 | 0 | _aAcademic writing. | |
| 650 | 0 |
_aCollege teachers _xVocational guidance. |
|
| 655 | 7 |
_aElectronic books. _2local |
|
| 700 | 1 | _aKenway, Jane. | |
| 700 | 1 |
_aBoden, Rebecca, _d1958- |
|
| 710 | 2 | _aebrary, Inc. | |
| 830 | 0 | _aAcademic's support kit. | |
| 856 | 4 | 0 |
_uhttp://site.ebrary.com/lib/rucke/Doc?id=10288010 _zAn electronic book accessible through the World Wide Web; click to view |
| 999 |
_c883 _d883 |
||